Sansepolcro : la città di Piero della Francesca /

Saved in:
书目详细资料
主要作者: Brilli, Attilio.
格式: 图书
语言:Italian
出版: Milano : Electa, c1997.
丛编:Guide artistiche Electa.
主题:
标签: 添加标签
没有标签, 成为第一个标记此记录!
LEADER 00820nam a2200253 a 4500
001 007768162-2
005 20081112144854.0
008 031027s1997 it a||| b||c 000 0 ita d
020 |a 8843561839 
035 0 |a ocm39144602 
040 |a NNFr  |c NNFr 
100 1 |a Brilli, Attilio. 
245 1 0 |a Sansepolcro :  |b la città di Piero della Francesca /  |c Attilio Brilli. 
260 |a Milano :  |b Electa,  |c c1997. 
300 |a 103 p. :  |b ill. (some col.) ;  |c 24 cm. 
490 1 |a Guide artistiche Electa 
504 |a Includes bibliographical references (p. 103). 
651 0 |a Sansepolcro (Italy)  |x Guidebooks. 
650 0 |a Art  |z Italy  |z Sansepolcro  |x Guidebooks. 
651 0 |a Sansepolcro (Italy)  |v Guidebooks. 
690 4 |a Topography  |z Italy  |z Sansepolcro.  |5 ber 
830 0 |a Guide artistiche Electa. 
988 |a 20031027 
906 |0 OCLC